000
00300nam a22001337a 4500
999
_c
529903
_d
529903
003
NUST
038
_a
waseem
082
_a
891.4394
_b
AHM
100
_a
Ahmed, Khalid
_9
22925
245
_a
Inharafaat /
_c
Khalid Ahmed
260
_a
Lahore :
_b
Takhlikat,
_c
1998.
300
_a
547 p. ;
942
_2
ddc
_c
BK